Ảnh hưởng của dịch trích Methanol từ một số giống lúa (Oryza sativa L.) lên ba loại cỏ gây hại chính trên ruộng lúa; phân lập và định danh các hợp chất kháng cỏ : Luận văn tốt nghiệp Cao học. Chuyên ngành Bảo vệ thực vật

Xác định khả năng đối kháng thực vật của tám giống lúa OM (2395, 3536, 4498, 5451, 5930, 6976, 7347, N406) lên ba loại cỏ gây hại chính trên ruộng lúa là cỏ lồng vực nước (Echinochloa crus-galli (L.) Beauv), cỏ đuôi phụng (Leptochloa chinensis L. Nees) và c...

Cur síos iomlán

Đã lưu trong:
Sonraí Bibleagrafaíochta
Príomhúdar: Nguyễn, Thị Thùy Trang
Formáid: Leabhar
Teanga:Undetermined
Foilsithe: Cần Thơ Trường Đại học Cần Thơ 2019
Ábhair:
Clibeanna: Cuir Clib Leis
Gan Chlibeanna, Bí ar an gcéad duine leis an taifead seo a chlibeáil!
Thư viện lưu trữ: Trung tâm Học liệu Trường Đại học Cần Thơ
LEADER 01348nam a2200217Ia 4500
001 CTU_231768
008 210402s9999 xx 000 0 und d
082 |a 632.954 
082 |b Tr106 
088 |a 8620112 
100 |a Nguyễn, Thị Thùy Trang 
245 0 |a Ảnh hưởng của dịch trích Methanol từ một số giống lúa (Oryza sativa L.) lên ba loại cỏ gây hại chính trên ruộng lúa; phân lập và định danh các hợp chất kháng cỏ : 
245 0 |b Luận văn tốt nghiệp Cao học. Chuyên ngành Bảo vệ thực vật 
245 0 |c Nguyễn Thị Thùy Trang ; Hồ Lệ Thi (Cán bộ hướng dẫn) 
260 |a Cần Thơ 
260 |b Trường Đại học Cần Thơ 
260 |c 2019 
520 |a Xác định khả năng đối kháng thực vật của tám giống lúa OM (2395, 3536, 4498, 5451, 5930, 6976, 7347, N406) lên ba loại cỏ gây hại chính trên ruộng lúa là cỏ lồng vực nước (Echinochloa crus-galli (L.) Beauv), cỏ đuôi phụng (Leptochloa chinensis L. Nees) và cỏ chác (Fimbristylis miliacea L.Vahl). 
650 |a Herbicides,Thuốc diệt cỏ 
910 |b nthai 
980 |a Trung tâm Học liệu Trường Đại học Cần Thơ